Szczegóły MARC21

Teoria komunikowania masowego /

003 -Nazwa inst., której nr kontr. jest w polu 001 [,]
    • @
    • Nazwa instytucji, której n kontrolny jest w polu 001
    • NUKAT
005 -DATA I CZAS OSTATNIEJ MODYFIKACJI [,]
    • @
    • pole kontrolne
    • 20241231101010.0
020 -Międzynarod. znormalizowany nr książki - ISBN [ , ]
    • a
    • Numer ISBN
    • 9788301151539 Find
040 -Instytucja sporządzająca opis [ , ]
    • a
    • Instytucja, która sporządziła opis (NP)
    • SZCZ 004/HZ
    • c
    • Instytucja, która sporządziła rekord (NP)
    • SZCZ 004/HZ
    • d
    • Instytucja, która zmodyfikowała rekord (P)
    • SZCZ 004/DB
    • d
    • Instytucja, która zmodyfikowała rekord (P)
    • KR 93/KKs
    • d
    • Instytucja, która zmodyfikowała rekord (P)
    • BSTOK U/IW
    • d
    • Instytucja, która zmodyfikowała rekord (P)
    • TOR U/AP
041 -Język dokumentu [1, ]
    • a
    • Język tekstu (P)
    • polski
    • h
    • Język tekstu oryginalnego i/lub pośredniego (P)
    • angielski
942 -Rodzaj dokumentu [ , ]
    • c
    • Rodzaj dokumentu
    • Książka
100 -Hasło główne - nazwa osobowa [1, ]
    • a
    • Nazwa osobowa (NP)
    • McQuail, Denis.
    • 9
    • KHW
    • 244014
240 -Tytuł ujednolicony [1,0]
    • a
    • Tytuł ujednolicony
    • McQuail's mass communication theory
    • l
    • Język tekstu
    • (pol.)
    • 9
    • KHW
    • 650676
245 -Strefa tytułu i oznaczenia odpowiedzialności [1,0]
    • a
    • Tytuł
    • Teoria komunikowania masowego / Find
    • c
    • Pozostałe elementy strefy tytułu i oznaczenia odpowiedzialności (NP)
    • Denis McQuail ; przekł. Marta Bucholc, Alina Szulżycka ; red. nauk. Tomasz Goban-Klas.
260 -Strefa adresu wydawniczego [ , ]
    • a
    • Miejsce wydania (P)
    • Warszawa :
    • b
    • Nazwa wydawcy (P)
    • Wydawnictwo Naukowe PWN,
    • c
    • Data wydania (P)
    • 2007.
300 -Strefa opisu fizycznego [ , ]
    • a
    • Określenie formy książki i/lub objętość (NP)
    • 575 s. :
    • b
    • Oznaczenie ilustracji (NP)
    • il. ;
    • c
    • Format (NP)
    • 24 cm.
336 -Typ zawartości [ , ]
    • a
    • Termin opisujący typ zawartości
    • Tekst
    • b
    • Kod określający zawartość
    • txt
    • 2
    • Źródło (terminu i kodu)
    • rdacontent
337 -Typ mediów [ , ]
    • a
    • Tryb odtwarzania
    • Bez urządzenia pośredniczącego
    • b
    • Kod typu mediów
    • n
    • 2
    • Źródło (terminu i kodu)
    • rdamedia
338 -Typ/rodzaj nośnika [ , ]
    • a
    • Hasło opisujące typ nośnika
    • Wolumin
    • b
    • Kod typu nośnika
    • nc
    • 2
    • Źródło (terminu i kodu)
    • rdacarrier
504 -Uwaga dot. bibliogr. załącznikowej [ , ]
    • a
    • Uwaga dot. bibliografii załącznikowej
    • Bibliogr. s. 530-566. Indeks.
080 -Uniwersalna Klasyfikacja Dziesiętna [ , ]
    • 2
    • Identyfikator wydania tablic
    • UDC-PO58
    • a
    • Symbol klasyfikacji
    • 316.77
    • b
    • Dopowiedzenie
    • Socjologia komunikowania. Komunikacja społeczna. Wpływ środków masowego przekazu, decydentów, cenzury. Sprzężenie zwrotne komunikowania. Kultura audiowizualna.
    • x
    • Poddział wspólny
    • (075.8)
    • b
    • Dopowiedzenie
    • (Podręczniki dla szkół wyższych. Skrypty).
080 -Uniwersalna Klasyfikacja Dziesiętna [ , ]
    • 2
    • Identyfikator wydania tablic
    • UDC-PO58
    • a
    • Symbol klasyfikacji
    • 659.3
    • b
    • Dopowiedzenie
    • Informacja masowa. Środki masowego przekazu.
    • x
    • Poddział wspólny
    • (075.8)
    • b
    • Dopowiedzenie
    • (Podręczniki dla szkół wyższych. Skrypty).
650 -Hasło przedmiotowe [ ,7]
    • a
    • Hasło przedmiotowe
    • Mass media
    • v
    • Określnik formalny
    • podręczniki.
    • 2
    • Źródło terminu
    • kaba
    • 9
    • KHW
    • 650943
980 -Symbol UKD [ , ]
    • a
    • UKD
    • 316.77:659.3](075.8)
700 -Hasło dodatkowe - nazwa osobowa [1, ]
    • a
    • Nazwa osobowa (NP)
    • Bucholc, Marta Find
    • d
    • Daty biograficzne (NP)
    • (1978- ).
    • e
    • Określenie rodzaju współpracy
    • Tł.
    • 9
    • KHW
    • 769
700 -Hasło dodatkowe - nazwa osobowa [1, ]
    • a
    • Nazwa osobowa (NP)
    • Szulżycka, Alina. Find
    • e
    • Określenie rodzaju współpracy
    • Tł.
    • 9
    • KHW
    • 48851
700 -Hasło dodatkowe - nazwa osobowa [1, ]
    • a
    • Nazwa osobowa (NP)
    • Goban-Klas, Tomasz Find
    • d
    • Daty biograficzne (NP)
    • (1942- ).
    • e
    • Określenie rodzaju współpracy
    • Red.
    • 9
    • KHW
    • 9947
710 -Hasło dodatkowe - nazwa ciała zbiorowego [2, ]
    • a
    • Nazwa ciała zbiorowego lub nazwa geograficzna jako pierwszy element (NP)
    • Wydawnictwo Naukowe PWN.
    • 4
    • Kod relacji
    • pbl
    • 9
    • KHW
    • 52648
856 -Dostęp do wersji elektronicznej [4,8]
920 -ISBN [ , ]
    • a
    • ISBN
    • 978-83-01-15153-9 Find
Data inwentaryzacji Lokalizacja Status udost. Numer inwentarzowy Sygnatura
2007-10-24BG-3WM.7148 
2007-10-24BG-3WM.7149 
2007-10-24BG-3WM.7150 
2007-10-24BG-3WM.7151 
2007-10-24BG-3WM.7152 
2007-10-24BG1Z.109581 
2007-10-24BM1P.20766POL. Nauka o komunikowaniu 06
2008-04-25BNS1H.17684